Intelectuales / [por] Paul Jhonson ; tr. por Clotilde Rezzano

Shranjeno v:
Bibliografske podrobnosti
Glavni avtor: Jhonson, Paul (autor)
Format: Knjiga
Teme:
Oznake: Označite
Brez oznak, prvi označite!

MARC

LEADER 00000nam^a2200000^u^4500
001 000539222
005 20250521000000.0
008 060220s1000^^^^^^^^^^^^r^^^^^000^0^spa^d
009 20260310131137.009
035 |a FMI 000006399 
037 |a Acervo Xavier Clavigero 
096 |a 3.6.2/341/C 
100 |a Jhonson, Paul  |e (autor) 
245 1 0 |a Intelectuales / [por] Paul Jhonson ; tr. por Clotilde Rezzano 
264 |a Buenos Aires : Javier Vergara, 1990 
300 |a 381 p. 
336 |a texto  |b txt  |2 rdacontenido 
337 |a sin mediación  |b n  |2 rdamedio 
338 |a volumen  |b nc  |2 rdasoporte 
597 |a Trad. del inglés ("Intellectuals"). 
649 |a XX 
650 |a PERSONAJES CELEBRES 
910 |a Fondo Francisco Migoya Covarrubias S.J. 
920 |a Impresos - Libros 
930 |a Fondos Especiales 
905 |a 134 
901 |a SBC21578  |b IT2  |c ESP  |u 20250521 
902 |a https://opac.biblio.iteso.mx/vufind/Record/000539222